00976nam a2200133 4500008001400000020001800014082001900032100001500051245002900066260007400095300003000169505051600199650012700715701.17 AC175d a9786070290176 a701.17bAC175d aAcha, Juan aDespertar revolucionario aCiudad de MéxicobMuseo Universitario de Arte Contemporáneoc2017 a296 p.billc22 x 16.5 cm tJuan Acha: el agente bisagrarSol HenarotRevolución en la Revolución. Los escritos estético-políticos de Juan AcharJoaquín BarrientostDespertar revolucionariorJuan AchatArte y políticarJuan AchatConstelacionestIntercambios aeropostalesrJorge Eduardo Eielson, Felipe Ehrenberg, Aracy AmaraltComplicidadesrFederico Morais, Gustavo Buntinx, Rafael Hastings, Rita Eder, Carla Stellweg, Zalathiel Vargas, Marie-France Cathelat, Maris BustamantetIntinerariostSemblanzatCatálogotCréditos xarte contemporáneoxarte - crítica e interpretaciónxarte - exhibicionesxMéxicoxarte - LatinoamericaxEstética